000
00194 a2200085 4500
020
_a
9781770854475
100
_a
ANA MARIA
245
_a
SUSTAINABLE RESIDENTIAL ARCHITECTURE
260
_b
FIREFLY BOOKS
999
_c
13145
_d
13145